Statistics for Non-Stop Flights to Geneva

Click here to take the quiz!

General Stats

  • This quiz has been taken 476 times
  • The average score is 73 of 115

Answers on the Map

Answers color-coded by a green-red scale on the quiz's map according to % correct below.
 

Answer Stats

Destination% Correct
New York
97%
London
96%
Dublin
95%
Madrid
95%
Paris
95%
Lisbon
94%
Oslo
93%
Rome
93%
Barcelona
92%
Helsinki
92%
Washington D.C.
92%
Amsterdam
91%
Athens
91%
Berlin
91%
Dubai
91%
Reykjavik
91%
Brussels
90%
Cairo
90%
Istanbul
90%
Manchester
90%
Stockholm
90%
Beijing
89%
Copenhagen
89%
Montreal
89%
Ankara
88%
Budapest
88%
Edinburgh
88%
Bucharest
87%
Munich
87%
Porto
87%
Prague
87%
Tunis
87%
Tel Aviv
86%
Abu Dhabi
85%
Frankfurt
85%
Hamburg
85%
Zurich
85%
Casablanca
84%
Doha
84%
Riyadh
84%
Naples
83%
Addis Ababa
82%
Kuwait City
82%
Sofia
82%
Venice
82%
Liverpool
81%
Nice
81%
Algiers
80%
Beirut
80%
Belgrade
79%
Birmingham
79%
Valencia
79%
Amman
78%
Seville
78%
Florence
77%
Palermo
76%
Tirana
75%
Bordeaux
74%
Malaga
74%
Bilbao
69%
Jeddah
69%
Palma de Mallorca
69%
Thessaloniki
69%
Luxembourg
68%
Skopje
68%
Ibiza
67%
Bristol
66%
Split
66%
Toulouse
66%
Izmir
65%
Marrakesh
65%
Pristina
65%
Dusseldorf
61%
Lille
61%
Nantes
56%
Tenerife
55%
Dubrovnik
53%
Malta
53%
Rhodes
50%
Ajaccio
49%
Cagliari
49%
Antalya
48%
Heraklion
48%
Mahón
48%
Catania
45%
Faro
44%
A Coruña
42%
Alicante
39%
Funchal
39%
Corfu
38%
Santiago de Compostela
32%
Santorini
32%
Gaziantep
28%
Agadir
27%
Larnaca
26%
Mykonos
25%
Bournemouth
24%
Biarritz
23%
Brindisi
22%
Bastia
20%
Kos
20%
Hurghada
19%
Ponta Delgada
19%
La Rochelle
18%
Chania
16%
Djerba
16%
Zakynthos
16%
Olbia
14%
Kalamata
11%
Alghero
10%
Calvi
9%
Tivat
9%
Lamezia Terme
7%
Figari
6%
Enfidha
4%

Score Distribution

Percentile by Number Answered

Percent of People with Each Score

Your Score History

You have not taken this quiz